[Event "Mitropa Cup 33rd"]
[Site "Ruzomberok"]
[Date "2014.05.25"]
[Round "3.5"]
[White "Repka, Christopher"]
[Black "Zilka, Stepan"]
[Result "1-0"]
[WhiteElo "2352"]
[BlackElo "2549"]
[PlyCount "167"]
[EventDate "2014.05.23"]
[EventType "team-tourn"]
[EventRounds "9"]
[EventCountry "SVK"]
[Source "ChessBase"]
[SourceDate "2014.07.01"]
[WhiteTeam "Slovakia II"]
[BlackTeam "Czech Republic"]
[WhiteTeamCountry "SVK"]
[BlackTeamCountry "CZE"]

1. d4 Nf6 2. Bg5 d5 3. Nd2 Nbd7 4. c4 h6 5. Bxf6 Nxf6 6. cxd5 Qxd5 7. Ngf3 e6
8. e3 a6 9. Bd3 c5 10. O-O cxd4 11. e4 Qd8 12. Rc1 Be7 13. Qe2 Nd7 14. e5 Nc5
15. Bb1 b5 16. Rfd1 Bb7 17. Ne4 d3 18. Bxd3 Nxd3 19. Rxd3 Bd5 20. Nc3 Qc7 21.
Rdd1 Rc8 22. Qd2 Bc6 23. Nd4 Qb7 24. Nxc6 Rxc6 25. Ne4 O-O 26. Nd6 Qd7 27. Rxc6
Qxc6 28. Qc1 Qxc1 29. Rxc1 Bg5 30. Rc6 Bf4 31. Rxa6 Rb8 32. Ra5 Bxe5 33. Nxb5
Bxb2 34. g3 f5 35. a4 Kf7 36. Ra6 Rd8 37. Kg2 g5 38. Nc7 e5 39. Rxh6 Rd2 40.
Nb5 e4 41. Nd6+ Ke7 42. Nxf5+ Kd7 43. Rg6 Ba3 44. Ne3 Be7 45. a5 Ra2 46. a6 Ke8
47. Re6 Kf7 48. Rxe4 Rxa6 49. Nc4 Ra2 50. Ne5+ Kg7 51. Re3 Bf6 52. Re4 Be7 53.
Rc4 Kf6 54. Nf3 Ke6 55. h4 gxh4 56. Nxh4 Bf6 57. Rc6+ Kf7 58. Nf5 Kg6 59. Ne3
Kf7 60. Rc2 Ra3 61. Re2 Rb3 62. f4 Be7 63. Nf5 Bc5 64. Rc2 Bb6 65. Rc6 Ba5 66.
Kh3 Bd2 67. Kg4 Be1 68. Rc1 Bf2 69. Rc2 Bb6 70. Rh2 Ba5 71. Nd4 Rd3 72. Nc6 Bc3
73. Rh5 Re3 74. Ne5+ Kg8 75. Rg5+ Kh7 76. Kf5 Bxe5 77. fxe5 Kh6 78. Rg4 Rf3+
79. Ke6 Kh5 80. Rg8 Ra3 81. Kf6 Rf3+ 82. Ke7 Kh6 83. e6 Kh7 84. Rg4 1-0

[Event "Mitropa Cup 33rd"]
[Site "Ruzomberok"]
[Date "2014.05.30"]
[Round "8.4"]
[White "Gloor, Roger"]
[Black "Tazbir, Marcin"]
[Result "0-1"]
[WhiteElo "2357"]
[BlackElo "2530"]
[PlyCount "60"]
[EventDate "2014.05.23"]
[EventType "team-tourn"]
[EventRounds "9"]
[EventCountry "SVK"]
[Source "ChessBase"]
[SourceDate "2014.07.01"]
[WhiteTeam "Switzerland"]
[BlackTeam "Poland"]
[WhiteTeamCountry "SUI"]
[BlackTeamCountry "POL"]

1. e4 g6 2. d4 Bg7 3. Nf3 d6 4. Be2 Nd7 5. O-O e5 6. dxe5 dxe5 7. Be3 Ngf6 8.
Nfd2 Qe7 9. Nc3 O-O 10. Nc4 Rd8 11. Qe1 Nb6 12. f3 Nxc4 13. Bxc4 Be6 14. Bb3
Nd7 15. Bxe6 Qxe6 16. Nd5 Rac8 17. Qa5 c6 18. Nc3 a6 19. Rad1 Bf8 20. Rd2 Bd6
21. Rfd1 Bc7 22. Qb4 b5 23. a4 Nf8 24. b3 Rxd2 25. Rxd2 Qe8 26. Ne2 Ne6 27.
axb5 axb5 28. c4 Ra8 29. Rd1 Ba5 30. Qa3 Bd2 0-1

[Event "Mitropa Cup 33rd"]
[Site "Ruzomberok"]
[Date "2014.05.28"]
[Round "6.4"]
[White "Vitoux, Colomban"]
[Black "Froewis, Georg"]
[Result "1/2-1/2"]
[WhiteElo "2402"]
[BlackElo "2438"]
[PlyCount "84"]
[EventDate "2014.05.23"]
[EventType "team-tourn"]
[EventRounds "9"]
[EventCountry "SVK"]
[Source "ChessBase"]
[SourceDate "2014.07.01"]
[WhiteTeam "France"]
[BlackTeam "Austria"]
[WhiteTeamCountry "FRA"]
[BlackTeamCountry "AUT"]

1. e4 e6 2. d4 d5 3. Nc3 Bb4 4. Nge2 dxe4 5. a3 Bxc3+ 6. Nxc3 Nc6 7. d5 exd5 8.
Qxd5 Be6 9. Qxd8+ Rxd8 10. Bg5 Nge7 11. Nxe4 Bf5 12. f3 Bxe4 13. fxe4 Ne5 14.
Rd1 Rxd1+ 15. Kxd1 f6 16. Bf4 Kf7 17. Be2 Rd8+ 18. Kc1 N7c6 19. c3 Ke7 20. Kc2
Rd6 21. Bg3 Nd8 22. h4 Ndf7 23. b4 Re6 24. a4 Nd6 25. Bf3 Ndc4 26. Re1 Rd6 27.
Bf4 Rd7 28. Be2 Nd6 29. Bf1 Rd8 30. g3 Rc8 31. Kb3 a5 32. bxa5 c5 33. Be3 c4+
34. Kc2 Ra8 35. Bb6 Nd7 36. Bc7 Ne8 37. Bf4 Rxa5 38. Bxc4 Rxa4 39. Bd5 Nd6 40.
Bxd6+ Kxd6 41. Bxb7 Nc5 42. Rd1+ Kc7 1/2-1/2

[Event "Mitropa Cup 33rd"]
[Site "Ruzomberok"]
[Date "2014.05.25"]
[Round "3.4"]
[White "Berchtenbreiter, Maximilian"]
[Black "Mazur, Stefan"]
[Result "1-0"]
[WhiteElo "2409"]
[BlackElo "2426"]
[PlyCount "95"]
[EventDate "2014.05.23"]
[EventType "team-tourn"]
[EventRounds "9"]
[EventCountry "SVK"]
[Source "ChessBase"]
[SourceDate "2014.07.01"]
[WhiteTeam "Germany"]
[BlackTeam "Slovakia"]
[WhiteTeamCountry "GER"]
[BlackTeamCountry "SVK"]

1. e4 e5 2. Nf3 Nc6 3. d4 exd4 4. Nxd4 Bc5 5. Nb3 Bb6 6. Nc3 d6 7. Qe2 Nge7 8.
g3 O-O 9. Bg2 a5 10. Be3 Bxe3 11. Qxe3 a4 12. Nd4 Nxd4 13. Qxd4 Nc6 14. Qd2 a3
15. b3 Be6 16. O-O Qd7 17. Rfe1 Bh3 18. Bh1 Ne5 19. Nd5 Rae8 20. Re3 Re6 21.
Rc3 c6 22. Ne3 Rh6 23. f4 Ng4 24. Rd1 Qc7 25. Bf3 Nxe3 26. Rxe3 Re8 27. Qf2 Bc8
28. Re2 Rhe6 29. Red2 Rd8 30. Qa7 Ree8 31. Qxa3 f5 32. exf5 d5 33. Qc5 b6 34.
Qc3 Qd6 35. Qd4 Bxf5 36. c4 Qc7 37. cxd5 cxd5 38. Bxd5+ Kh8 39. Qf2 Bh3 40. b4
Bg4 41. Bf3 Rxd2 42. Rxd2 Bxf3 43. Qxf3 Qc1+ 44. Rd1 Qc2 45. Qb3 Qe2 46. a4 h5
47. Qd3 Qb2 48. Qb5 1-0

[Event "Mitropa Cup 33rd"]
[Site "Ruzomberok"]
[Date "2014.05.25"]
[Round "3.1"]
[White "Nasuta, Grzegorz"]
[Black "Acs, Peter"]
[Result "0-1"]
[WhiteElo "2336"]
[BlackElo "2572"]
[PlyCount "82"]
[EventDate "2014.05.23"]
[EventType "team-tourn"]
[EventRounds "9"]
[EventCountry "SVK"]
[Source "ChessBase"]
[SourceDate "2014.07.01"]
[WhiteTeam "Poland"]
[BlackTeam "Hungary"]
[WhiteTeamCountry "POL"]
[BlackTeamCountry "HUN"]

1. e4 e5 2. Nf3 Nc6 3. Bb5 a6 4. Ba4 Nf6 5. O-O Be7 6. Re1 b5 7. Bb3 d6 8. c3
O-O 9. h3 Na5 10. Bc2 c5 11. d4 Qc7 12. Nbd2 Be6 13. d5 Bd7 14. Nf1 Rfb8 15. b3
c4 16. b4 Nb7 17. a4 g6 18. Bg5 Qd8 19. Be3 Nh5 20. axb5 axb5 21. Ba7 Rc8 22.
Ra6 Qf8 23. Qd2 f5 24. Rea1 Nd8 25. exf5 gxf5 26. Bb6 Nf7 27. Ne3 Rxa6 28. Rxa6
e4 29. Ra7 Qe8 30. Nd4 Ng7 31. Nexf5 Nxf5 32. Bxe4 Ng7 33. Qc2 Ng5 34. Bf5 Nxf5
35. Nxf5 Bf6 36. Be3 Nf7 37. g3 Ra8 38. Rc7 Qd8 39. Bb6 Ra6 40. Qe4 Rxb6 41.
Qg4+ Kf8 0-1

[Event "Mitropa Cup 33rd"]
[Site "Ruzomberok"]
[Date "2014.05.23"]
[Round "1.3"]
[White "Berchtenbreiter, Maximilian"]
[Black "Schachinger, Mario"]
[Result "1/2-1/2"]
[WhiteElo "2409"]
[BlackElo "2425"]
[PlyCount "84"]
[EventDate "2014.05.23"]
[EventType "team-tourn"]
[EventRounds "9"]
[EventCountry "SVK"]
[Source "ChessBase"]
[SourceDate "2014.07.01"]
[WhiteTeam "Germany"]
[BlackTeam "Austria"]
[WhiteTeamCountry "GER"]
[BlackTeamCountry "AUT"]

1. e4 c6 2. d4 d5 3. e5 Bf5 4. h4 h5 5. Ne2 e6 6. Ng3 Bg6 7. Be2 c5 8. Bg5 Be7
9. Bxe7 Nxe7 10. Nc3 Nbc6 11. dxc5 Qa5 12. Qd2 a6 13. a3 Qxc5 14. f4 Nd4 15.
Bd3 Bxd3 16. Qxd3 Nef5 17. O-O-O Rc8 18. Kb1 Nxg3 19. Qxg3 Nf5 20. Qd3 Qc4 21.
Ne2 b5 22. Rh3 Qxd3 23. Rdxd3 Rc4 24. Rc3 Kd7 25. Rxc4 bxc4 26. b3 cxb3 27.
cxb3 Rc8 28. Ng3 Nxg3 29. Rxg3 g6 30. Kb2 Rc5 31. Rd3 a5 32. Rd4 Kc7 33. Ra4
Kb6 34. Rd4 Rc8 35. g3 Kb5 36. Ra4 Rc7 37. Rd4 Rc6 38. Ra4 Rc8 39. Rd4 Rc7 40.
Ra4 Ra7 41. Kc3 Rc7+ 42. Kb2 Rc8 1/2-1/2

[Event "Mitropa Cup 33rd"]
[Site "Ruzomberok"]
[Date "2014.05.23"]
[Round "1.4"]
[White "Barbot, Pierre"]
[Black "Biolek, Richard Jr"]
[Result "1-0"]
[WhiteElo "2413"]
[BlackElo "2418"]
[PlyCount "121"]
[EventDate "2014.05.23"]
[EventType "team-tourn"]
[EventRounds "9"]
[EventCountry "SVK"]
[Source "ChessBase"]
[SourceDate "2014.07.01"]
[WhiteTeam "France"]
[BlackTeam "Czech Republic"]
[WhiteTeamCountry "FRA"]
[BlackTeamCountry "CZE"]

1. d4 Nf6 2. Nf3 g6 3. c4 Bg7 4. Nc3 O-O 5. e4 d6 6. h3 e5 7. d5 Nh5 8. g3 Qe8
9. Be2 f5 10. exf5 gxf5 11. Nh4 Nf6 12. Qc2 Na6 13. a3 c6 14. dxc6 Qxc6 15. O-O
f4 16. g4 Nc5 17. b4 Ne6 18. Nf5 Nd4 19. Nxd4 exd4 20. Nb5 Nxg4 21. hxg4 f3 22.
Bd3 Bxg4 23. c5 Qd7 24. Nxd6 Bh3 25. Bc4+ Kh8 26. Qe4 d3 27. Bb5 Qc7 28. Rb1
Bxf1 29. Kxf1 Bc3 30. Qxd3 Be5 31. Qe4 Qg7 32. Qxe5 Qxe5 33. Bb2 Qxb2 34. Rxb2
a5 35. Nxb7 axb4 36. a4 Rf4 37. Ke1 Rd4 38. Rb3 Rf8 39. Bc6 Rdf4 40. Kd2 h5 41.
Ke3 h4 42. Bd7 Rc4 43. Kd3 Rc1 44. c6 Rf4 45. Na5 Kg7 46. Ke3 h3 47. Bxh3 Rh4
48. Bd7 Kf6 49. Kxf3 Rc5 50. Ke2 Rc2+ 51. Kd3 Rc1 52. f3 Ke5 53. Bg4 Rh2 54.
Nc4+ Kd5 55. c7 Rxc4 56. c8=Q Rxc8 57. Bxc8 Kc5 58. Bd7 Ra2 59. f4 Ra1 60. Bb5
Rf1 61. Ke4 1-0

[Event "Mitropa Cup 33rd"]
[Site "Ruzomberok"]
[Date "2014.05.23"]
[Round "1.5"]
[White "Druska, Juraj"]
[Black "Petrik, Tomas"]
[Result "1/2-1/2"]
[WhiteElo "2364"]
[BlackElo "2511"]
[PlyCount "162"]
[EventDate "2014.05.23"]
[EventType "team-tourn"]
[EventRounds "9"]
[EventCountry "SVK"]
[Source "ChessBase"]
[SourceDate "2014.07.01"]
[WhiteTeam "Slovakia II"]
[BlackTeam "Slovakia"]
[WhiteTeamCountry "SVK"]
[BlackTeamCountry "SVK"]

1. e4 e6 2. d4 d5 3. Nc3 Bb4 4. Nge2 dxe4 5. a3 Be7 6. Nxe4 Nf6 7. Nxf6+ Bxf6
8. Be3 O-O 9. Qd2 Nc6 10. O-O-O Ne7 11. g4 Nd5 12. Bg2 b5 13. Nf4 Bb7 14. h4 a5
15. Nh5 Nxe3 16. fxe3 Bxg2 17. Qxg2 b4 18. a4 Be7 19. Qe4 Qd5 20. Qxd5 exd5 21.
Rdf1 Rae8 22. Kd2 c6 23. Nf4 Bd6 24. Nd3 Re4 25. Nf2 Re6 26. Nd3 Re4 27. Nf2
Re6 28. Nd3 Rfe8 29. Rf3 Rg6 30. Nf2 c5 31. dxc5 Bxc5 32. Rhh3 Rc8 33. Rf5 Bb6
34. c3 bxc3+ 35. bxc3 Rgc6 36. Nd1 Rc4 37. Rf4 Rxf4 38. exf4 Rc4 39. Ne3 Bxe3+
40. Rxe3 Kf8 41. Rd3 Rxf4 42. Rxd5 Rxa4 43. g5 Rxh4 44. Rxa5 h6 45. gxh6 Rxh6
46. c4 Ke7 47. Kd3 Rh1 48. Kd4 Ke6 49. Ra6+ Kf5 50. Ra7 Rd1+ 51. Ke3 Kg6 52. c5
f5 53. c6 Rc1 54. c7 Kf6 55. Kd4 Kg5 56. Ke5 g6 57. Kd6 Kf4 58. Ra5 Rxc7 59.
Kxc7 g5 60. Kd6 g4 61. Ra4+ Kf3 62. Ke5 g3 63. Ra3+ Kf2 64. Kf4 g2 65. Ra2+ Kf1
66. Kf3 g1=N+ 67. Ke3 Nh3 68. Rh2 Ng1 69. Rf2+ Ke1 70. Rxf5 Nh3 71. Rf8 Ng1 72.
Rf2 Nh3 73. Rg2 Kf1 74. Rh2 Ng1 75. Rf2+ Ke1 76. Rg2 Kf1 77. Rg3 Ne2 78. Rf3+
Ke1 79. Rf2 Ng1 80. Rg2 Kf1 81. Rxg1+ Kxg1 1/2-1/2

[Event "Mitropa Cup 33rd"]
[Site "Ruzomberok"]
[Date "2014.05.31"]
[Round "9.2"]
[White "Nasuta, Grzegorz"]
[Black "Michalik, Peter"]
[Result "0-1"]
[WhiteElo "2336"]
[BlackElo "2562"]
[PlyCount "74"]
[EventDate "2014.05.23"]
[EventType "team-tourn"]
[EventRounds "9"]
[EventCountry "SVK"]
[Source "ChessBase"]
[SourceDate "2014.07.01"]
[WhiteTeam "Poland"]
[BlackTeam "Slovakia"]
[WhiteTeamCountry "POL"]
[BlackTeamCountry "SVK"]

1. e4 e5 2. Nf3 Nc6 3. Bb5 Nf6 4. d3 d6 5. O-O g6 6. d4 Bd7 7. d5 Ne7 8. Bxd7+
Qxd7 9. Qe2 Bg7 10. c4 O-O 11. Nc3 Nh5 12. Be3 h6 13. Ne1 Nf4 14. Qd2 g5 15. f3
c5 16. Rb1 a5 17. b3 f5 18. a3 fxe4 19. fxe4 Neg6 20. Nc2 Rf7 21. g3 Raf8 22.
Kh1 Qh3 23. Rf2 Nh5 24. Rxf7 Nxg3+ 25. Kg1 Rxf7 26. hxg3 Rf3 27. Bf2 Rxc3 28.
Ne3 Nf4 29. gxf4 exf4 30. Nf5 Qg4+ 31. Kf1 Rh3 32. Bg1 Qf3+ 33. Qf2 Qd3+ 34.
Kg2 Qxe4+ 35. Kxh3 Qxf5+ 36. Kg2 Qxb1 37. Qe2 Qb2 0-1

[Event "Mitropa Cup 33rd"]
[Site "Ruzomberok"]
[Date "2014.05.24"]
[Round "2.3"]
[White "Vitoux, Colomban"]
[Black "Berchtenbreiter, Maximilian"]
[Result "0-1"]
[WhiteElo "2402"]
[BlackElo "2409"]
[PlyCount "116"]
[EventDate "2014.05.23"]
[EventType "team-tourn"]
[EventRounds "9"]
[EventCountry "SVK"]
[Source "ChessBase"]
[SourceDate "2014.07.01"]
[WhiteTeam "France"]
[BlackTeam "Germany"]
[WhiteTeamCountry "FRA"]
[BlackTeamCountry "GER"]

1. d4 d5 2. Nf3 Nf6 3. c4 c6 4. Nbd2 g6 5. g3 Bg7 6. Bg2 O-O 7. O-O Nbd7 8. b3
a5 9. Bb2 a4 10. Qc2 Qb6 11. Ne1 a3 12. Bc3 Qa7 13. e3 dxc4 14. bxc4 e5 15. Qb3
exd4 16. exd4 Nb6 17. Nc2 Be6 18. Bb4 Rfd8 19. Rfe1 Nxc4 20. Nxc4 b5 21. Bxc6
bxc4 22. Qxa3 Qxa3 23. Bxa3 Bf5 24. Bxa8 Rxa8 25. Ne3 Rxa3 26. Nxc4 Ra4 27. Ne3
Be6 28. Rad1 Rxa2 29. d5 Bd7 30. Ra1 Rd2 31. Red1 Rxd1+ 32. Rxd1 Kf8 33. Nc4
Bb5 34. Ne5 Nd7 35. Nc6 Ne5 36. Nd4 Nf3+ 37. Nxf3 Be2 38. Rc1 Bxf3 39. d6 Bg4
40. f4 Ke8 41. Re1+ Be6 42. g4 Kd7 43. g5 h5 44. gxh6 Bxh6 45. Re4 Kxd6 46. h4
Ke7 47. Kf2 Bg7 48. Kg3 Kf8 49. Re3 Bf6 50. Re1 Kg7 51. Rc1 Kh6 52. Rc5 Bd4 53.
Rc1 Kh5 54. Rd1 Bf6 55. Rh1 Be7 56. Rh2 Bd5 57. Rh3 Bb4 58. Kf2 Kg4 0-1

[Event "Mitropa Cup 33rd"]
[Site "Ruzomberok"]
[Date "2014.05.26"]
[Round "4.1"]
[White "Krejci, Jan1"]
[Black "Nasuta, Grzegorz"]
[Result "1/2-1/2"]
[WhiteElo "2525"]
[BlackElo "2336"]
[PlyCount "102"]
[EventDate "2014.05.23"]
[EventType "team-tourn"]
[EventRounds "9"]
[EventCountry "SVK"]
[Source "ChessBase"]
[SourceDate "2014.07.01"]
[WhiteTeam "Czech Republic"]
[BlackTeam "Poland"]
[WhiteTeamCountry "CZE"]
[BlackTeamCountry "POL"]

1. e4 c5 2. Nf3 d6 3. Bb5+ Nc6 4. O-O Bd7 5. Re1 Nf6 6. c3 a6 7. Bf1 Bg4 8. h3
Bxf3 9. Qxf3 g6 10. d3 Bg7 11. Bg5 O-O 12. Nd2 b5 13. Rad1 b4 14. Nb3 h6 15.
Bc1 Nd7 16. d4 Qb6 17. Be3 a5 18. dxc5 Nxc5 19. Rd5 Qc7 20. Nxc5 e6 21. Rd2 Ne5
22. Qd1 dxc5 23. f4 Nc6 24. Rd7 Qb6 25. e5 Rfd8 26. Rxd8+ Rxd8 27. Qf3 bxc3 28.
bxc3 Ne7 29. Qf2 Rc8 30. Bc4 Bf8 31. Rd1 Nf5 32. Bc1 Rd8 33. Rxd8 Qxd8 34. Qd2
Qb6 35. Qd3 Ne7 36. Kh2 Qc6 37. Bb5 Qb6 38. c4 Nf5 39. Bd2 Be7 40. Qe4 Kg7 41.
g3 Nd4 42. a4 Qa7 43. Kg2 Bd8 44. g4 Be7 45. Kf1 Qc7 46. Ke1 Bh4+ 47. Kf1 Qd8
48. Bc3 Nb3 49. Qc2 Qa8 50. Qg2 Qd8 51. Qc2 Qa8 1/2-1/2

[Event "Mitropa Cup 33rd"]
[Site "Ruzomberok"]
[Date "2014.05.28"]
[Round "6.2"]
[White "Heimann, Andreas"]
[Black "Nasuta, Grzegorz"]
[Result "1-0"]
[WhiteElo "2524"]
[BlackElo "2336"]
[PlyCount "83"]
[EventDate "2014.05.23"]
[EventType "team-tourn"]
[EventRounds "9"]
[EventCountry "SVK"]
[Source "ChessBase"]
[SourceDate "2014.07.01"]
[WhiteTeam "Germany"]
[BlackTeam "Poland"]
[WhiteTeamCountry "GER"]
[BlackTeamCountry "POL"]

1. d4 Nf6 2. c4 g6 3. Nc3 d5 4. cxd5 Nxd5 5. e4 Nxc3 6. bxc3 Bg7 7. Nf3 c5 8.
Rb1 b6 9. Bb5+ Bd7 10. Be2 Qc7 11. O-O O-O 12. Bg5 Bg4 13. Rc1 Nc6 14. d5 Na5
15. c4 Bxf3 16. Bxf3 Nb7 17. Bg4 Rae8 18. Re1 e6 19. Qd3 f5 20. exf5 exf5 21.
Bf3 Qd7 22. Bf4 Bd4 23. g3 Kh8 24. Rxe8 Rxe8 25. Rc2 Be5 26. Bh6 Nd6 27. Bc1
Kg8 28. h4 a6 29. Qa3 Ra8 30. Kg2 Bd4 31. Bf4 Ra7 32. Qb3 b5 33. cxb5 Rb7 34.
Qa3 axb5 35. Qa8+ Qc8 36. Qa6 Rd7 37. Qc6 Qd8 38. Re2 Kg7 39. Bg5 Qc8 40. Re6
h6 41. Rxd6 Qxc6 42. dxc6 1-0

[Event "Mitropa Cup 33rd"]
[Site "Ruzomberok"]
[Date "2014.05.25"]
[Round "3.1"]
[White "Hera, Imre Jr"]
[Black "Gajek, Radoslaw"]
[Result "1-0"]
[WhiteElo "2559"]
[BlackElo "2315"]
[PlyCount "101"]
[EventDate "2014.05.23"]
[EventType "team-tourn"]
[EventRounds "9"]
[EventCountry "SVK"]
[Source "ChessBase"]
[SourceDate "2014.07.01"]
[WhiteTeam "Hungary"]
[BlackTeam "Poland"]
[WhiteTeamCountry "HUN"]
[BlackTeamCountry "POL"]

1. d4 Nf6 2. c4 e6 3. Nf3 b6 4. g3 Ba6 5. Qc2 Bb4+ 6. Bd2 Be7 7. Bg2 O-O 8. O-O
d5 9. cxd5 exd5 10. Nc3 Nc6 11. Rfd1 Nb4 12. Qb1 c5 13. Bg5 Ne4 14. Nxe4 dxe4
15. dxc5 Qe8 16. Qxe4 Bxc5 17. Qxe8 Raxe8 18. e3 f6 19. Bf4 Rd8 20. a3 Nd5 21.
b4 Be7 22. Nd4 Nc3 23. Re1 g5 24. Rac1 gxf4 25. Rxc3 fxe3 26. fxe3 Bd6 27. Ne6
Rc8 28. Bc6 Rf7 29. Rcc1 Re7 30. Nd4 Rec7 31. b5 Bb7 32. Ne6 Bxc6 33. Nxc7 Be4
34. Nd5 Rf8 35. Rc6 Be5 36. Rd1 Kf7 37. Rc4 Bf3 38. Rd2 Rd8 39. e4 h5 40. Kf2
Bg4 41. Ke3 h4 42. Nb4 Rh8 43. Nc6 Bc7 44. e5 hxg3 45. hxg3 Rg8 46. Rxg4 Rxg4
47. Rd7+ Kg6 48. Rxc7 Rxg3+ 49. Kf4 Rxa3 50. Ne7+ Kg7 51. Nf5+ 1-0

[Event "Mitropa Cup 33rd"]
[Site "Ruzomberok"]
[Date "2014.05.31"]
[Round "9.1"]
[White "Repka, Christopher"]
[Black "Demuth, Adrien"]
[Result "0-1"]
[WhiteElo "2352"]
[BlackElo "2476"]
[PlyCount "44"]
[EventDate "2014.05.23"]
[EventType "team-tourn"]
[EventRounds "9"]
[EventCountry "SVK"]
[Source "ChessBase"]
[SourceDate "2014.07.01"]
[WhiteTeam "Slovakia II"]
[BlackTeam "France"]
[WhiteTeamCountry "SVK"]
[BlackTeamCountry "FRA"]

1. Nf3 Nf6 2. d4 c5 3. d5 e6 4. Nc3 exd5 5. Nxd5 Nxd5 6. Qxd5 Be7 7. Bg5 Nc6 8.
O-O-O Nb4 9. Qd2 Nxa2+ 10. Kb1 Nb4 11. c3 Nc6 12. e4 O-O 13. Bc4 Bxg5 14. Nxg5
Qe7 15. Rhe1 Rb8 16. e5 b5 17. Bd3 g6 18. Qf4 c4 19. Bc2 b4 20. Re3 bxc3 21.
Nxh7 Rxb2+ 22. Kc1 Rb1+ 0-1

[Event "Mitropa Cup 33rd"]
[Site "Ruzomberok"]
[Date "2014.05.30"]
[Round "8.2"]
[White "Druska, Juraj"]
[Black "Diermair, Andreas"]
[Result "1/2-1/2"]
[WhiteElo "2364"]
[BlackElo "2451"]
[PlyCount "154"]
[EventDate "2014.05.23"]
[EventType "team-tourn"]
[EventRounds "9"]
[EventCountry "SVK"]
[Source "ChessBase"]
[SourceDate "2014.07.01"]
[WhiteTeam "Slovakia II"]
[BlackTeam "Austria"]
[WhiteTeamCountry "SVK"]
[BlackTeamCountry "AUT"]

1. e4 c6 2. d4 d5 3. Nc3 dxe4 4. Nxe4 Bf5 5. Ng3 Bg6 6. Nh3 e6 7. Nf4 Qh4 8.
Be3 Nd7 9. Qd2 Be7 10. O-O-O Ngf6 11. Nxg6 hxg6 12. Bg5 Ne4 13. Nxe4 Qxe4 14.
Bxe7 Kxe7 15. Be2 a5 16. Bf3 Qf5 17. Qe3 Nf6 18. Qa3+ Kd7 19. Rhe1 Qf4+ 20. Kb1
Qd6 21. Qb3 Kc7 22. c4 Qb4 23. Qc2 Qd6 24. d5 exd5 25. cxd5 c5 26. Re7+ Qxe7
27. d6+ Qxd6 28. Rxd6 Kxd6 29. Qb3 Rac8 30. Qxf7 Rc7 31. Qxg6 Re7 32. Qd3+ Kc7
33. Qb5 Kb8 34. Qxa5 Rc7 35. h3 Rf8 36. a4 Nd7 37. Qc3 Rf6 38. Qe3 Nb6 39. Qe8+
Nc8 40. Qe5 Nd6 41. Bd5 Nf5 42. f4 Ne7 43. Bf3 Ng6 44. Qe8+ Rc8 45. Qb5 Rc7 46.
g3 Rd6 47. Qe8+ Ka7 48. Qe4 Re7 49. Qc4 Rc7 50. Qc3 Rd4 51. Qa5+ Kb8 52. Qb5
Ne7 53. a5 Rd6 54. g4 Nc8 55. f5 Rd4 56. a6 Rb4 57. Qe2 bxa6 58. Qxa6 Nb6 59.
Qe2 Nc4 60. Kc1 Nxb2 61. Qe8+ Rc8 62. Qe5+ Rc7 63. Qd5 Rc8 64. Qa8+ Kc7 65.
Qa7+ Kd6 66. Qa6+ Kd7 67. Bd5 Rc7 68. Qe6+ Kd8 69. Qg8+ Kd7 70. Qf7+ Kd8 71.
Qf8+ Kd7 72. Qxg7+ Kd6 73. Qf6+ Kxd5 74. Qe6+ Kd4 75. Qd6+ Kc3 76. Qxc7 Nd3+
77. Kd1 Rb2 1/2-1/2

[Event "Mitropa Cup 33rd"]
[Site "Ruzomberok"]
[Date "2014.05.29"]
[Round "7.3"]
[White "Nayhebaver, Martin"]
[Black "Hera, Imre Jr"]
[Result "0-1"]
[WhiteElo "2309"]
[BlackElo "2559"]
[PlyCount "66"]
[EventDate "2014.05.23"]
[EventType "team-tourn"]
[EventRounds "9"]
[EventCountry "SVK"]
[Source "ChessBase"]
[SourceDate "2014.07.01"]
[WhiteTeam "Slovakia II"]
[BlackTeam "Hungary"]
[WhiteTeamCountry "SVK"]
[BlackTeamCountry "HUN"]

1. e4 c5 2. Nf3 e6 3. d4 cxd4 4. Nxd4 a6 5. Bd3 Nf6 6. O-O d6 7. Qe2 Nbd7 8.
Kh1 g6 9. b3 Bg7 10. Bb2 O-O 11. Nd2 Nh5 12. Qe3 Nc5 13. Be2 e5 14. N4f3 Nf4
15. Rfe1 Qc7 16. Bf1 f5 17. Ba3 b6 18. Bc4+ Kh8 19. Bxc5 bxc5 20. Rad1 Bb7 21.
Ng5 fxe4 22. Ndxe4 d5 23. Qxc5 Rac8 24. Qxc7 Rxc7 25. g3 dxe4 26. gxf4 e3+ 27.
Kg1 exf2+ 28. Kxf2 Rxf4+ 29. Kg3 Bf6 30. Nf7+ Rxf7 31. Bxf7 Bh4+ 32. Kh3 Bxe1
33. Be6 Rh4# 0-1

[Event "Mitropa Cup 33rd"]
[Site "Ruzomberok"]
[Date "2014.05.27"]
[Round "5.1"]
[White "Repka, Christopher"]
[Black "Gallagher, Joseph G"]
[Result "0-1"]
[WhiteElo "2352"]
[BlackElo "2472"]
[PlyCount "100"]
[EventDate "2014.05.23"]
[EventType "team-tourn"]
[EventRounds "9"]
[EventCountry "SVK"]
[Source "ChessBase"]
[SourceDate "2014.07.01"]
[WhiteTeam "Slovakia II"]
[BlackTeam "Switzerland"]
[WhiteTeamCountry "SVK"]
[BlackTeamCountry "SUI"]

1. d4 Nf6 2. Bg5 Ne4 3. Bf4 c5 4. d5 Qb6 5. Bc1 e6 6. f3 Qa5+ 7. c3 Nf6 8. e4
d6 9. Bd2 Qd8 10. c4 exd5 11. cxd5 g6 12. Ne2 Bg7 13. Nec3 O-O 14. Be2 a6 15.
a4 Nh5 16. Be3 f5 17. Qd2 f4 18. Bf2 Nd7 19. a5 Rb8 20. Ra4 Ne5 21. b4 Bd7 22.
bxc5 Bxa4 23. Nxa4 dxc5 24. Nxc5 Re8 25. O-O Qd6 26. Nc3 Ng3 27. hxg3 fxg3 28.
Be3 Qe7 29. Rb1 Qh4 30. Kf1 Qh1+ 31. Bg1 Rf8 32. f4 Bh6 33. Ne6 Rxf4+ 34. Nxf4
Rf8 35. Qd4 Rxf4+ 36. Ke1 Rf2 37. Kd1 Qxg1+ 38. Kc2 Qxg2 39. Qxe5 Rxe2+ 40.
Nxe2 Qxe2+ 41. Kb3 Qb5+ 42. Kc2 Qe2+ 43. Kb3 Qd3+ 44. Ka2 Qc4+ 45. Rb3 Qa4+ 46.
Ra3 Qc2+ 47. Qb2 Qxb2+ 48. Kxb2 Bf4 49. Rd3 g2 50. Rd1 Be3 0-1

[Event "Mitropa Cup 33rd"]
[Site "Ruzomberok"]
[Date "2014.05.31"]
[Round "9.2"]
[White "Brunner, Nicolas"]
[Black "Druska, Juraj"]
[Result "0-1"]
[WhiteElo "2441"]
[BlackElo "2364"]
[PlyCount "102"]
[EventDate "2014.05.23"]
[EventType "team-tourn"]
[EventRounds "9"]
[EventCountry "SVK"]
[Source "ChessBase"]
[SourceDate "2014.07.01"]
[WhiteTeam "France"]
[BlackTeam "Slovakia II"]
[WhiteTeamCountry "FRA"]
[BlackTeamCountry "SVK"]

1. d4 Nf6 2. c4 b6 3. Nc3 Bb7 4. Qc2 d5 5. cxd5 Nxd5 6. Nf3 g6 7. e4 Nxc3 8.
bxc3 Bg7 9. Bb5+ c6 10. Bd3 O-O 11. O-O Nd7 12. e5 c5 13. Qe2 e6 14. Rd1 Qc7
15. Ng5 Nb8 16. Qe3 cxd4 17. cxd4 Nc6 18. Qh3 h6 19. Nf3 Rfd8 20. Be3 Qe7 21.
Rac1 Qf8 22. Qg3 Nb4 23. Rc7 Nxd3 24. Rxb7 Nc5 25. Rc7 Na6 26. Rcc1 Nb4 27. h4
Nxa2 28. Rc7 Nb4 29. h5 Nd5 30. Rb7 Nxe3 31. fxe3 g5 32. Ra1 a5 33. Rxb6 Rdb8
34. Rd6 a4 35. Qf2 a3 36. Ra2 Qc8 37. Kh2 Bf8 38. Nxg5 hxg5 39. Qf6 Bxd6 40. h6
Qf8 41. exd6 Kh7 42. Kg3 Qxd6+ 43. Kg4 Qf8 44. d5 Rb2 45. dxe6 Qb4+ 46. Kf3 g4+
47. Kg3 Qd6+ 48. Kh4 Qh2+ 49. Kg5 Ra5+ 50. Kxg4 Qxg2+ 51. Kh4 Ra4+ 0-1